| 000 | 00332nam a22001217a 4500 | ||
|---|---|---|---|
| 020 | _a9788120321861 | ||
| 082 | _a006.32 | ||
| 100 | _aS. RAJASEKRARAN G.A. VIJAYALAKSHMI PAI | ||
| 245 | _aNEURAL NETWORKS, AND FUZZY LOGIC, AND GENETIC ALGORITHMS SYSTHESIS AND APPLICATIONS | ||
| 260 |
_aINDIA _bPHI _c2008 |
||
| 300 | _a439 | ||
| 942 | _cBK | ||
| 999 |
_c23202 _d23202 |
||